Aktívne opatrenia na trhu práce v čase globálnej hospodárskej krízy

Dopady svetovej hospodárskej krízy na ekonomiku Slovenska. Nové aktívne opatrenia na trhu práce. Vyhodnotenie vybraných AOTP v rokoch 2009 a 2010.

Guardado en:
Detalles Bibliográficos
Autor principal: Klimko, Roman, 1985-
Otros Autores: Poluchová, Ivana
Formato: Capítulo de libro
Lenguaje:eslovaco
Materias:
Etiquetas: Agregar Etiqueta
Sin Etiquetas, Sea el primero en etiquetar este registro!

MARC

LEADER 00000nla$a2200000$$$4500
001 0146947
005 20240502083339.7
041 0 |a slo 
044 |a CZ 
245 1 0 |a Aktívne opatrenia na trhu práce v čase globálnej hospodárskej krízy  |c Roman Klimko, Ivana Poluchová 
520 |a Dopady svetovej hospodárskej krízy na ekonomiku Slovenska. Nové aktívne opatrenia na trhu práce. Vyhodnotenie vybraných AOTP v rokoch 2009 a 2010. 
610 2 0 |a kríza hospodárska 
610 2 0 |a trh práce 
610 2 0 |a opatrenia 
610 2 0 |a financovanie 
610 2 0 |a príspevky štátne 
610 2 0 |a Slovensko 
100 1 |a Klimko, Roman, 1985- 
700 1 |a Poluchová, Ivana